书目信息 |
| 题名: |
中国产业转型升级重点问题研究
|
|
| 作者: | 郧彦辉, 著 | |
| 分册: | ||
| 出版信息: | 北京 经济管理出版社 2018 |
|
| 页数: | 218页 | |
| 开本: | 24cm | |
| 丛书名: | ||
| 单 册: | ||
| 中图分类: | F264 | |
| 科图分类: | ||
| 主题词: | 产业结构升级--研究--中国 | |
| 电子资源: | ||
| ISBN: | 978-7-5096-5666-2 | |
| 000 | 01363nam0 2200253 450 | |
| 001 | 2369747208 | |
| 005 | 20231203192308.12 | |
| 010 | @a978-7-5096-5666-2@dCNY58.00 | |
| 100 | @a20180619d2018 em y0chiy50 ea | |
| 101 | 0 | @achi |
| 102 | @aCN@b110000 | |
| 105 | @aak a 000yy | |
| 200 | 1 | @a中国产业转型升级重点问题研究@Azhong guo chan ye zhuan xing sheng ji zhong dian wen ti yan jiu@d= Research on key issues of China's industrial transformation and upgrading@f郧彦辉著@zeng |
| 210 | @a北京@c经济管理出版社@d2018 | |
| 215 | @a218页@c图@d24cm | |
| 314 | @a郧彦辉, 河北石家庄人, 毕业于中国人民大学统计学院, 获经济学博士学位, 现为工业和信息化部中国电子信息产业发展研究院产业政策研究所研究员。 | |
| 320 | @a有书目 (第211-216页) | |
| 330 | @a自人类社会进入大工业时代以来, 工业转型升级问题就一直是经济发展的核心问题。而近10年前爆发的国际金融危机, 更使脱虚向实, 进一步优化工业结构, 做好传统工业的转型升级等问题, 成为各国政府、政党、企业和研究人员强烈关注的议题。研究中国工业转型升级问题, 需要先对工业转型本身及相关产业政策的基本概念和基本理论进行一个简要阐析, 从而为进一步的实证分析提供理论基础。 | |
| 510 | 1 | @aResearch on key issues of China's industrial transformation and upgrading@zeng |
| 606 | 0 | @a产业结构升级@x研究@y中国 |
| 690 | @aF264@v5 | |
| 701 | 0 | @a郧彦辉,@Ayun yan hui@f1977-@4著 |
| 801 | 0 | @aCN@b湖北三新@c20180619 |
| 905 | @aBZT@dF264@e3 | |
| 中国产业转型升级重点问题研究= Research on key issues of China's industrial transformation and upgrading/郧彦辉著.-北京:经济管理出版社,2018 |
| 218页:图;24cm |
| ISBN 978-7-5096-5666-2:CNY58.00 |
| 自人类社会进入大工业时代以来, 工业转型升级问题就一直是经济发展的核心问题。而近10年前爆发的国际金融危机, 更使脱虚向实, 进一步优化工业结构, 做好传统工业的转型升级等问题, 成为各国政府、政党、企业和研究人员强烈关注的议题。研究中国工业转型升级问题, 需要先对工业转型本身及相关产业政策的基本概念和基本理论进行一个简要阐析, 从而为进一步的实证分析提供理论基础。 |
| ● |
| 相关链接 |
|
|
|
正题名:中国产业转型升级重点问题研究
索取号:F264/3
 
预约/预借
| 序号 | 登录号 | 条形码 | 馆藏地/架位号 | 状态 | 备注 |
| 1 | 2001321211 | 2001321211 | 320书库/ [索取号:F264/3] | 在馆 | |
| 2 | 2001321212 | 2001321212 | 320书库/ [索取号:F264/3] | 在馆 | |
| 3 | 2001321213 | 2001321213 | 315书库/ [索取号:F264/3] | 在馆 | |
| 4 | 2001321214 | 2001321214 | 320书库/ [索取号:F264/3] | 在馆 | |
| 5 | 2001321215 | 2001321215 | 315书库/ [索取号:F264/3] | 在馆 | |
| 6 | 2001321216 | 2001321216 | 315书库/ [索取号:F264/3] | 在馆 | |
| 7 | 2001321217 | 2001321217 | 320书库/ [索取号:F264/3] | 在馆 | |
| 8 | 2001321218 | 2001321218 | 320书库/ [索取号:F264/3] | 在馆 | |
| 9 | 2001321219 | 2001321219 | 320书库/ [索取号:F264/3] | 在馆 | |
| 10 | 2001321220 | 2001321220 | 315书库/ [索取号:F264/3] | 在馆 | |
| 11 | 2001321221 | 2001321221 | 315书库/ [索取号:F264/3] | 在馆 | |
| 12 | 2001321222 | 2001321222 | 315书库/ [索取号:F264/3] | 在馆 | |
| 13 | 2001321223 | 2001321223 | 320书库/ [索取号:F264/3] | 在馆 | |
| 14 | 2001321224 | 2001321224 | 320书库/ [索取号:F264/3] | 在馆 | |
| 15 | 2001321225 | 2001321225 | 320书库/ [索取号:F264/3] | 在馆 | |
| 16 | 2001321226 | 2001321226 | 320书库/ [索取号:F264/3] | 在馆 | |
| 17 | 2001321227 | 2001321227 | 320书库/ [索取号:F264/3] | 在馆 | |
| 18 | 2001321228 | 2001321228 | 320书库/ [索取号:F264/3] | 在馆 | |
| 19 | 2001321229 | 2001321229 | 320书库/ [索取号:F264/3] | 在馆 | |
| 20 | 2001321230 | 2001321230 | 320书库/ [索取号:F264/3] | 在馆 | |
| 21 | 2001321231 | 2001321231 | 320书库/ [索取号:F264/3] | 在馆 | |
| 22 | 2001321232 | 2001321232 | 320书库/ [索取号:F264/3] | 在馆 | |
| 23 | 2001321233 | 2001321233 | 320书库/ [索取号:F264/3] | 在馆 | |
| 24 | 2001321234 | 2001321234 | 320书库/ [索取号:F264/3] | 在馆 | |
| 25 | 2001321235 | 2001321235 | 320书库/ [索取号:F264/3] | 在馆 | |
| 26 | 2001321236 | 2001321236 | 320书库/ [索取号:F264/3] | 在馆 | |
| 27 | 2001321237 | 2001321237 | 320书库/ [索取号:F264/3] | 在馆 | |
| 28 | 2001321238 | 2001321238 | 320书库/ [索取号:F264/3] | 在馆 | |
| 29 | 2001321239 | 2001321239 | 320书库/ [索取号:F264/3] | 在馆 | |
| 30 | 2001321240 | 2001321240 | 320书库/ [索取号:F264/3] | 在馆 |